Gaming Quiz

Random Gaming or Video Games Quiz

Oregon Trail Quiz Stats

 Plays Quiz Updated Apr 11, 2019

Score 0/56 Timer 08:00
0 Plays Today
Thing % Correct
June
90.4%
May
90.3%
April
90.2%
July
90.2%
March
90.1%
Deer
74%
Bison
66.3%
Rabbit
64.7%
Food
61.3%
Ford
55.3%
Farmer from Illinois
52.1%
Ammunition
51.5%
Squirrel
50.5%
Bear
48.6%
Float
48.1%
Oxen
47.4%
Wagon Wheel
46%
Banker from Boston
45.7%
Clothing
42.9%
Drown
41%
Ferry
38.8%
Typhoid
37.7%
Snake bite
37.2%
Bird
36%
Dysentery
36%
Cholera
34.2%
Wagon Axle
31.2%
Indian Help
29.3%
Thing % Correct
Carpenter from Ohio
25%
Wait
20.2%
Wagon Tongue
19.9%
Broken Leg
16.7%
Chimney Rock
14.8%
Measles
12.3%
Exhaustion
11.5%
Greenhorn
11.3%
Independence Rock
10.3%
Trail Guide
9.6%
Snake River Crossing
8.7%
Fort Laramie
7.6%
Caribou
5.5%
Diarrhea
5.5%
Willamette Valley
4.9%
Fort Kearney
4.8%
Soda Springs
4.8%
Adventurer
4.6%
Green River Crossing
4.4%
The Dalles
4%
Fort Walla Walla
3.8%
Kansas River Crossing
3.4%
Big Blue River Crossing
3.1%
Fort Bridger
3%
Fort Boise
2.7%
Fort Hall
2.5%
South Pass
2.2%
Blue Mountains
2%

You're not logged in!

Compare scores with friends on all Sporcle quizzes.
OR
Log In

Sporcle TV

Today on Sporcle TV


Watch our educational content, quiz creation guides, and fun videos on Sporcle TV.

Show Comments

Extras

Top Quizzes Today


Score Distribution

Your Account Isn't Verified!

In order to create a playlist on Sporcle, you need to verify the email address you used during registration. Go to your Sporcle Settings to finish the process.

Report this User

Report this user for behavior that violates our Community Guidelines.

Details: